000 00421nam a2200169Ia 4500
008 230524s9999 xx 000 0 und d
082 _a621.382
_bHAY
100 _aW.H.Hayt
245 0 _aEngineering Circuits Analysis
250 _a6TH
260 _aNEW DELHI
_bTMH
_c2006
300 _aXVIII;775
500 _aQuantity Number: 4
650 _aElectrical
700 _a" J.E.Kemmerly , S.M.Durbin,,,"
942 _cBK
999 _c33490
_d33490